FC 24 Moments - Statistics

General Stats
  • This quiz has been taken 10 times
    6 since last reset
  • The average score is 8 of 15
Answer Stats
rat pos club player % Correct
Moments 92 ST San Diego Waves Alex Morgan
100%
Moments 87 RWB Fulham Adama Traoré
75%
Moments 88 CB Sheffield United Anel Ahmedhodžić
75%
Moments 88 ST Luton Town Carlton Morris
75%
Moments 85 CM Borussia Dortmund Marcel Sabitzer
75%
Moments 87 CDM Al Hilal Rúben Neves
75%
Moments 88 RM Burnley Benson Manuel
50%
Moments 88 LW Nottingham Forest Callum Hudson-Odoi
50%
Moments 88 RB Monchengladbach Joe Scally
50%
Moments 88 CM Bournemouth Philip Billing
50%
Moments 87 LB Racing Louisville Carson Pickett
25%
Moments 87 CM Portland Thorns Jessie Fleming
25%
Moments 88 CM Metz Lamine Camara
25%
Moments 87 CM KC Current Lo’eau LaBonta
25%
Moments 87 ST Atalanta Luis Muriel
25%
No matching quizzes found
Score Distribution
Percent of People with Each Score
Percentile by Number Answered
Your Score History
You have not taken this quiz since the last reset